ბათუმის შოთა რუსთაველის სახელმწიფო უნივერსიტეტის ბიბლიოთეკა

მევენახეობა-მეღვინეობა აჭარაში არქეოლოგიური ძეგლების მიხედვით : (ბიბ.ჩანაწერი № 58365)

000 -ლიდერი
ფიქსირებული სიგრძის საკონტროლო ველი 01702nam a22002537a 4500
003 - საკონტროლო ნომრის იდენტიფიკატორი
საკონტროლო ველი Ge_BSU
005 - ბოლო ოპერაციის თარიღი და დრო
საკონტროლო ველი 20221221141215.0
008 - ფიქსირებული სიგრძის მონაცემთა ელემენტები - ზოგადი ინფორმაცია
ფიქსირებული სიგრძის საკონტროლო ველი 211203s2021 ge ||||| |||| 00| 0 geo d
041 ## - ენის კოდი
Language code of text/sound track or separate title geo
080 ## - უნივერსალური ათობითი კლასიფიკაციის ინდექსი
Universal Decimal Classification number 902/904 დ-90
100 ## - მთავარი ჩანაწერი - პიროვნების სახელი
Personal name დუმბაძე, იზოლდა
9 (RLIN) 13161
245 ## - ცნობა სათაურის შესახებ
Title მევენახეობა-მეღვინეობა აჭარაში არქეოლოგიური ძეგლების მიხედვით :
Remainder of title დისერტაცია /
Statement of responsibility, etc იზოლდა დუმბაძე; სამეცნ ხელ-ბი : ამირან კახიძე, მინდია ჯალაბაძე
264 ## - წარმოების, გამოცემის, დისტრიბუციის და სხვა ცნობები
გამოცემის, წარმოების, დისტრიბუციის... ადგილი ბათუმი,
გამოცემის, წარმოების, დისტრიბუციის... თარიღი 2021.
300 ## - ფიზიკური აღწერა
Extent 220 გვ.
Other physical details ილ.
Dimensions 30 სმ.
501 ## - შენიშვნა თანმხლებ მასალაზე
With note სურ.გვ.201-220
504 ## - BIBLIOGRAPHY, ETC. NOTE
Bibliography, etc ბიბლიოგრ. გვ. 177-196
653 ## - INDEX TERM--UNCONTROLLED
Uncontrolled term მევენახეობა აჭარაში
653 ## - INDEX TERM--UNCONTROLLED
Uncontrolled term არქეოლოგია
653 ## - INDEX TERM--UNCONTROLLED
Uncontrolled term დისერტაცია
700 ## - ADDED ENTRY--PERSONAL NAME
Personal name კახიძე, ამირან
Relator term სამეცნიერო ხელმძღვანელი
9 (RLIN) 103
700 ## - ADDED ENTRY--PERSONAL NAME
Personal name ჯალაბაძე, მინდია
Relator term სამეცნიერო ხელმძღვანელი
9 (RLIN) 13162
710 ## - ADDED ENTRY--CORPORATE NAME
Corporate name or jurisdiction name as entry element ბათუმის შოთა რუსთაველის სახელმწიფო უნივერსიტეტი.
Subordinate unit ჰუმანიტარულ მეცნიერებათა ფაკულტეტი. ისტორიის არქეოლოგიის და ეთნოლოგიის დეპარტამენტი
9 (RLIN) 13163
942 ## - ADDED ENTRY ELEMENTS (KOHA)
Source of classification or shelving scheme
Koha item type დისერტაცია
ეგზემპლარები
ჩამოწერის სტატუსი დაკარგული ეგზემპლარის სტატუსი კლასიფიკაციის წყარო ან თაროზე გაწყობის სქემა მითითებული მასალები (აკინძული ტომები ან სხვა ნაწილი) დაზიანების სტატუსი არ გაიცემა მუდმივი მდებარეობა (დაცვის ადგილი) ამჟამინდელი ადგილსამყოფელი თაროზე განთავსების ადგილი შეძენის თარიღი სრული შენახვის შიფრი შტრიხკოდი ბოლო ოპერაციის თარიღი ეგზემპლარის მიმდევრობითი ნომერი (კეტერი?) ფასის ძალაში შესვლის თარიღი ეგზემპლარის სახეობა
      დისერტაცია     ბათუმის შოთა რუსთაველის სახელმწიფო უნივერსიტეტის მთავარი ბიბლიოთეკა ბათუმის შოთა რუსთაველის სახელმწიფო უნივერსიტეტის მთავარი ბიბლიოთეკა წიგნსაცავი 2021-12-03 902/904 დ-90 372 დისერტაცია 2021-12-03 372 2021-12-03 დისერტაცია